Only in your dreams : (Record no. 328641)
[ view plain ]
| 000 -LEADER | |
|---|---|
| fixed length control field | 01613cam a2200361 a 4500 |
| 001 - CONTROL NUMBER | |
| control field | 14204190 |
| 003 - CONTROL NUMBER IDENTIFIER | |
| control field | Nust |
| 005 - DATE AND TIME OF LATEST TRANSACTION | |
| control field | 20170412162910.0 |
| 008 - FIXED-LENGTH DATA ELEMENTS--GENERAL INFORMATION | |
| fixed length control field | 051219s2006 nyu d 000 1 eng |
| 010 ## - LIBRARY OF CONGRESS CONTROL NUMBER | |
| LC control number | 2005035741 |
| 020 ## - INTERNATIONAL STANDARD BOOK NUMBER | |
| International Standard Book Number | 9780747596974 |
| 020 ## - INTERNATIONAL STANDARD BOOK NUMBER | |
| International Standard Book Number | 9780316011822 |
| 035 ## - SYSTEM CONTROL NUMBER | |
| System control number | (OCoLC)ocm62732588 |
| 035 ## - SYSTEM CONTROL NUMBER | |
| System control number | (OCoLC)62732588 |
| 040 ## - CATALOGING SOURCE | |
| Original cataloging agency | DLC |
| Transcribing agency | DLC |
| Modifying agency | IG# |
| -- | BAKER |
| -- | WIQ |
| -- | BTCTA |
| -- | DLC |
| 042 ## - AUTHENTICATION CODE | |
| Authentication code | lcac |
| -- | lcac |
| 043 ## - GEOGRAPHIC AREA CODE | |
| Geographic area code | n-us-ny |
| 050 00 - LIBRARY OF CONGRESS CALL NUMBER | |
| Classification number | PZ7.V94 |
| Item number | Onl 2006 |
| 082 00 - DEWEY DECIMAL CLASSIFICATION NUMBER | |
| Classification number | 813.6 |
| Author Mark | ZIE |
| 100 1# - MAIN ENTRY--PERSONAL NAME | |
| Personal name | Von Ziegesar, Cecily. |
| 245 10 - TITLE STATEMENT | |
| Title | Only in your dreams : |
| Remainder of title | a Gossip Girl novel / |
| Statement of responsibility, etc. | created by Cecily von Ziegesar. |
| 250 ## - EDITION STATEMENT | |
| Edition statement | 1st ed. |
| 260 ## - PUBLICATION, DISTRIBUTION, ETC. | |
| Place of publication, distribution, etc. | New York : |
| Name of publisher, distributor, etc. | Little, Brown, |
| Date of publication, distribution, etc. | 2006. |
| 300 ## - PHYSICAL DESCRIPTION | |
| Extent | 229 p. ; |
| Dimensions | 21 cm. |
| 520 ## - SUMMARY, ETC. | |
| Summary, etc. | Follows of the lives of Blair, Serena, and their wealthy Manhattan friends during the summer following high school graduation. |
| 521 1# - TARGET AUDIENCE NOTE | |
| Target audience note | 015 up. |
| 650 #1 - SUBJECT ADDED ENTRY--TOPICAL TERM | |
| Topical term or geographic name entry element | Interpersonal relations |
| Form subdivision | Fiction. |
| 650 #1 - SUBJECT ADDED ENTRY--TOPICAL TERM | |
| Topical term or geographic name entry element | Wealth |
| Form subdivision | Fiction. |
| 651 #1 - SUBJECT ADDED ENTRY--GEOGRAPHIC NAME | |
| Geographic name | New York (N.Y.) |
| Form subdivision | Fiction. |
| 856 42 - ELECTRONIC LOCATION AND ACCESS | |
| Materials specified | Contributor biographical information |
| Uniform Resource Identifier | <a href="http://www.loc.gov/catdir/enhancements/fy0742/2005035741-b.html">http://www.loc.gov/catdir/enhancements/fy0742/2005035741-b.html</a> |
| 856 42 - ELECTRONIC LOCATION AND ACCESS | |
| Materials specified | Publisher description |
| Uniform Resource Identifier | <a href="http://www.loc.gov/catdir/enhancements/fy1115/2005035741-d.html">http://www.loc.gov/catdir/enhancements/fy1115/2005035741-d.html</a> |
| 906 ## - LOCAL DATA ELEMENT F, LDF (RLIN) | |
| a | 7 |
| b | cbc |
| c | orignew |
| d | 1 |
| e | ecip |
| f | 20 |
| g | y-gencatlg |
| 942 ## - ADDED ENTRY ELEMENTS (KOHA) | |
| Source of classification or shelving scheme | |
| Koha item type | Book |
| Withdrawn status | Lost status | Source of classification or shelving scheme | Damaged status | Not for loan | Permanent Location | Current Location | Shelving location | Date acquired | Total Checkouts | Full call number | Barcode | Date last seen | Date last checked out | Copy number | Price effective from | Koha item type |
|---|---|---|---|---|---|---|---|---|---|---|---|---|---|---|---|---|
| Central Library (CL) | Central Library (CL) | Fiction | 04/12/2017 | 1 | 813.6 ZIE | CL1207 | 02/17/2026 | 11/18/2025 | 1 | 04/12/2017 | Book |
